|
|
|
|
| LEADER |
01104nam a2200385 4500 |
| 001 |
DLU060051870 |
| 005 |
##20060322 |
| 008 |
##950720s1996 mauab b 001 0 eng d |
| 010 |
# |
# |
|a 95076969
|
| 020 |
# |
# |
|a 0395741580
|
| 035 |
# |
# |
|9 (DLC) 95076969
|
| 035 |
# |
# |
|a (OCoLC)33117701
|
| 040 |
# |
# |
|a NNBC
|c NNBC
|d DLC
|
| 042 |
# |
# |
|a lccopycat
|
| 043 |
# |
# |
|a n-us---
|
| 050 |
# |
# |
|a E178.1
|b .P4 1996
|
| 082 |
# |
# |
|a 973
|b Peo
|
| 245 |
# |
# |
|a A people and a nation :
|b a history of the United States /
|c Mary Beth Norton ... [et al.].
|
| 246 |
# |
# |
|a People & a nation
|
| 250 |
# |
# |
|a Brief ed., 4th ed.
|
| 260 |
# |
# |
|a Boston :
|b Houghton Mifflin Co.,
|c c1996.
|
| 300 |
# |
# |
|a xxx, 680, 32, 40 p. :
|b ill. (some col.), maps (some col.) ;
|c 24 cm.
|
| 504 |
# |
# |
|a Includes bibliographical references and index.
|
| 651 |
# |
# |
|a United States
|x History.
|
| 700 |
# |
# |
|a Norton, Mary Beth.
|
| 923 |
# |
# |
|a 01/2006
|
| 992 |
# |
# |
|a 31.300
|
| 994 |
# |
# |
|a DLU
|
| 900 |
# |
# |
|a True
|
| 911 |
# |
# |
|a Đào Thị Thu Huyền
|
| 925 |
# |
# |
|a G
|
| 926 |
# |
# |
|a A
|
| 927 |
# |
# |
|a SH
|
| 980 |
# |
# |
|a Thư viện Trường Đại học Đà Lạt
|